000 00526nam a2200169 i 4500
001 59612
003 ES-MaACL
005 20231227180009.0
007 t|
008 031030s1936 sp ||||1| spa d
100 1 _aEntrambasaguas, Joaquín de,
_d1904-1995
_947309
245 1 0 _aLope de Vega
_b: símbolo del temperamento estético español /
_cpor Entrambasaguas.
260 _aMurcia :
_bSuc. de Nogués,
_c1936.
300 _a112 p. ;
_c21 cm.
852 _aES-MaACL
_jA-5294
_bR.18330
999 _c59612
_d59612